|
|
|
|
| LEADER |
01145nam a2200265 u 4500 |
| 001 |
10019698 |
| 003 |
GR-PaULI |
| 005 |
20210714130137.0 |
| 008 |
881025s1983 gr p gre |
| 952 |
|
|
|0 0
|1 0
|2 ddc
|3 τ.1
|4 0
|6 889_134000000000000_ΒΑΒ
|7 0
|9 326887
|a LISP
|b LISP
|c DON
|d 2021-07-14
|e ΓΑΛ
|i 144715
|l 0
|o 889.134 ΒΑΒ
|p 025000270809
|r 2021-07-14 00:00:00
|t 1
|v 2021.00
|w 2021-07-14
|y BKN
|
| 952 |
|
|
|0 0
|1 0
|2 ddc
|3 τ.1
|4 0
|6 889_134000000000000_ΒΑΒ
|7 0
|9 380352
|a LISP
|b LISP
|c BSC
|d 2024-05-22
|i 365740
|l 0
|o 889.134 ΒΑΒ
|p 025000310559
|r 2024-05-22 00:00:00
|t 2
|w 2024-05-22
|y BK15
|
| 999 |
|
|
|c 183351
|d 183351
|
| 040 |
|
|
|a GR-PaULI
|c GR-PaULI
|b gre
|e AACR2
|
| 082 |
0 |
4 |
|a 889.134
|2 23
|
| 100 |
1 |
|
|9 6124
|a Βαβούρης, Σταύρος,
|d 1925-2008
|e συγγραφέας.
|
| 245 |
1 |
0 |
|a Carmina profana /
|c Σταύρος Βαβούρης.
|
| 260 |
|
|
|a Αθήνα :
|b Εστία,
|c 1983.
|
| 300 |
|
|
|a 2 τ. ;
|c 18 εκ.
|
| 490 |
1 |
|
|a Ποίηση
|v 18.
|
| 500 |
|
|
|a τ. 1. - 57 σ. - 1983 --
|
| 505 |
|
|
|a τ. 1. 1979-1982 --
|
| 655 |
|
4 |
|a Ποίηση
|
| 830 |
|
0 |
|9 179796
|a Ποίηση (Εστία)
|v 18
|
| 942 |
|
|
|2 ddc
|c BKN
|
| 998 |
|
|
|c ΜΠΟΥΡΑΣ
|d 2021-07
|